000 00435pab a2200145 454500
008 180718b1985 xxu||||| |||| 00| 0 eng d
100 _aIgbinovia, Patrick Edobor
245 _aOld wine in new bottles
_bJuvenile justice and case of juvenile offenders in Nigeria
260 _c1985
300 _a14-24
362 _aSummer
650 _aJuvenile Delinquency - Nigeria
773 _aInternational Child Welfare Review
909 _a11626
999 _c11626
_d11626